Redes integradas de servicios de salud en Colombia y Brasil (Registro nro. 309324)

Detalles MARC
000 -ENCABEZADO
Número de control [NR] 01463 a2200313 4500
005 - FECHA Y HORA DE LA ÚLTIMA TRANSACCIÓN
control field 20211209072049.0
008 - DE LONGITUD FIJA DE DATOS DE ELEMENTOS - INFORMACIÓN GENERAL
Elementos de longitud fija [NR] 180214s2018 ck |||||r|||| 00| 0 spa d
020 ## - NUMERO INTERNACIONAL NORMALIZADO PARA LIBROS [R]
Número Internacional Normalizado del libro [NR] 9789587388114
040 ## - FUENTE DE CATALOGACION [NR]
Agencia de catalogación original [NR] CO-BoUCM
Idioma de catalogación [NR] spa
Quien Cataloga Deissy Garcia (modificó)
Quien Clasifica Saul Niño
041 0# - CODIGO DE IDIOMA [R]
Código de idioma para texto/pista de sonido o título separado [R] Español
245 10 - MENCION DE TITULO [NR]
Título [NR] Redes integradas de servicios de salud en Colombia y Brasil
Parte restante del título [NR] un estudio de casos
Mención de responsabilidad, etc. [NR] edito, María Luisa Vázquez Navarrete ... [y otros.]
260 ## - PUBLICACION, DISTRIBUCION, ETC. (PIE DE IMPRENTA) [R]
Lugar de publicación, distribución, etc. [R] Bogotá (Colombia)
Nombre del editor, distribuidor, etc. [R] Editorial Universidad del Rosario
Fecha de publicación, distribución, etc. [R] 2018
300 ## - DESCRIPCION FISICA [R]
Extensión [R] xxxii, 390 páginas
650 #7 - ASIENTO SECUNDARIO DE MATERIA - TERMINO TEMATICO [R]
9 (RLIN) 8073
Término temático o nombre geográfico como elemento de entrada [NR] Salud pública
Subdivisión general [R] Investigaciones
Subdivisión geográfica [R] América Latina
650 #7 - ASIENTO SECUNDARIO DE MATERIA - TERMINO TEMATICO [R]
Término temático o nombre geográfico como elemento de entrada [NR] Redes regionales de salud
Subdivisión geográfica [R] Colombia
9 (RLIN) 91332
650 #7 - ASIENTO SECUNDARIO DE MATERIA - TERMINO TEMATICO [R]
Término temático o nombre geográfico como elemento de entrada [NR] Redes regionales de salud
Subdivisión geográfica [R] Brasil
9 (RLIN) 91333
650 #7 - ASIENTO SECUNDARIO DE MATERIA - TERMINO TEMATICO [R]
Término temático o nombre geográfico como elemento de entrada [NR] Servicios de salud
Subdivisión geográfica [R] Colombia
9 (RLIN) 50803
650 #7 - ASIENTO SECUNDARIO DE MATERIA - TERMINO TEMATICO [R]
9 (RLIN) 24305
Término temático o nombre geográfico como elemento de entrada [NR] Servicios de salud
Subdivisión geográfica [R] Brasil
650 #7 - ASIENTO SECUNDARIO DE MATERIA - TERMINO TEMATICO [R]
9 (RLIN) 8073
Término temático o nombre geográfico como elemento de entrada [NR] Salud pública
700 1# - ASIENTO SECUNDARIO - NOMBRE PERSONAL [R]
Nombre personal [NR] María Luisa Vázquez Navarrete
Término de relación [R] editor
9 (RLIN) 91334
700 1# - ASIENTO SECUNDARIO - NOMBRE PERSONAL [R]
Nombre personal [NR] , Ingrid Vargas Lorenzo,
Término de relación [R] editor
9 (RLIN) 91335
700 1# - ASIENTO SECUNDARIO - NOMBRE PERSONAL [R]
Nombre personal [NR] Amparo Susana Mogollón-Pérez
Término de relación [R] editor
9 (RLIN) 91336
700 1# - ASIENTO SECUNDARIO - NOMBRE PERSONAL [R]
Nombre personal [NR] Ferreira Da Silva, María Rejane
Término de relación [R] editor
9 (RLIN) 91337
700 1# - ASIENTO SECUNDARIO - NOMBRE PERSONAL [R]
Nombre personal [NR] Unger, Pierre-Jean
9 (RLIN) 91338
700 1# - ASIENTO SECUNDARIO - NOMBRE PERSONAL [R]
Nombre personal [NR] De Paepe, Pierre
Término de relación [R] editor
9 (RLIN) 91339
856 ## - LOCALIZACION Y ACCESO ELECTRONICOS [R]
Identificador Uniforme del Recurso (“URI”) [R] <a href="https://editorial.urosario.edu.co/gpd-redes-integradas-de-servicios-de-salud-en-colombia-y-brasil-un-estudio-de-casos.html">https://editorial.urosario.edu.co/gpd-redes-integradas-de-servicios-de-salud-en-colombia-y-brasil-un-estudio-de-casos.html</a>
Nota dirigida al público [R] Ver información del libro
942 ## - ELEMENTOS DE ENTRADA AGREGADOS (KOHA)
Tipo de ítem principal el descrito en 300a Edición Rosarista
Sistema de clasificación DEWEY
Tema principal Ciencias de la salud
Edición 1
Clasificación 362.1068
Parte restante de la signatura top. R314i
Título oculto en OPAC No
Existencias
Fecha de último préstamo Total préstamos Signatura topográfica Código de barras Última vez visto Ejemplar Costo de reposición Price effective from Tipo de ítem Perdido Sistema de clasificación Dañado No prestable Tipo de ítem específico Suprimido Ubicación habitual Ubicación actual Localización Fecha de creación Proveedor Forma de adquisición Costo Total Renewals
    362.1068 R314i 100156500 03/12/2025 Ej.1 33000.00 12/02/2018 Edición Rosarista   DEWEY     Libro Edición Rosarista   Claustro Claustro 4to piso 12/02/2018 45 Compra 33000.00  
03/12/2025 3 362.1068 R314i 100156383 11/12/2025 Ej.5 26000.00 23/04/2018 Libro   DEWEY     Libro   Claustro Claustro 2do piso 23/04/2018 12 Donación 0.00 2
08/07/2019 3 WA 30 R314i 100156501 01/12/2025 Ej.2 33000.00 12/02/2018 Libro   NLM     Libro   Hospital Universitario Mayor Hospital Universitario Mayor 9no piso 12/02/2018 45 Compra 33000.00 8
30/04/2018 2 WA 30 R314i 100156386 01/12/2025 Ej.8 26000.00 23/04/2018 Libro   NLM     Libro   Hospital Universitario Mayor Hospital Universitario Mayor 9no piso 23/04/2018 12 Donación 0.00 1
16/02/2018 1 WA 30 R314i 100156503 12/12/2025 Ej.4 33000.00 12/02/2018 Libro   NLM     Libro   Quinta de Mutis Quinta de Mutis 1er piso 12/02/2018 45 Compra 33000.00  
27/07/2023 1 WA 30 R314i 100156502 12/12/2025 Ej.3 33000.00 12/02/2018 Libro   NLM     Libro   Quinta de Mutis Quinta de Mutis 1er piso 12/02/2018 45 Compra 33000.00 2
31/03/2022 1 WA 30 R314i 100156385 12/12/2025 Ej.7 26000.00 23/04/2018 Libro   NLM     Libro   Quinta de Mutis Quinta de Mutis 1er piso 23/04/2018 12 Donación 0.00 2
    WA 30 R314i 100156384 12/12/2025 Ej.6 26000.00 23/04/2018 Libro   NLM     Libro   Quinta de Mutis Quinta de Mutis 1er piso 23/04/2018 12 Donación 0.00